| 000 | 00695nam a2200181 a 4500 | ||
|---|---|---|---|
| 001 | 000042353 | ||
| 005 | 20201002040111.0 | ||
| 008 | 131127s2010 sp acf 000 0 spa d | ||
| 020 | _a9788461358595 | ||
| 040 |
_aDO-SdBNP _bspa _cBNPHU |
||
| 082 |
_axxx _bxxxx |
||
| 100 | 1 |
_aSanchidrián Gallego, Jesús Ma. J. _969422 |
|
| 245 | 1 | 0 |
_aÁvila romántica : _bÁvila monumental artística y pintoresca en la fotografía de J. Laurent (1864-1886) / _cJesús Ma. J. Sanchidrián Gallego. |
| 260 |
_aÁvila, España : _bPiedra Caballera, _c2010. |
||
| 300 |
_a285 p. : _bil., retr., lam. ; _c17 cm. |
||
| 490 | 1 |
_aEstampas de la tierra de Ávila _v7 |
|
| 830 | 0 |
_aEstampas de la tierra de Ávila _v7 _969423 |
|
| 999 |
_c41842 _d41842 |
||